000 00711nam a2200253Ia 4500
001 dia_3232
003 CHAP
005 20230327101637.0
008 220117s1999 xx 000 0 und d
010 _a173731
040 _cCHAP
082 _a543.3 R6
100 _aRodriguez Mellado, José Miguel
_9154371
245 _aFisicoquímica de Aguas /
_c por J. M. Rodriguez Mellado y Rafael Marin Gálvan
260 _aMadrid, España, Díaz Santos
_c1999
300 _a466 P
500 _aINV.214923
650 _aAgua
_92222
650 _aAgua
_xAnalísis
_92280
901 _a543.3 R6
902 _aM
905 _a0000001999 MADX 0000000000 00
942 _cLIBRO
_2ddc
999 _c173731
_d173731